Business Survey 2003-05 Volume One: (Record no. 6768)

MARC details
000 -LEADER
fixed length control field 00395nam a22001097a 4500
008 - FIXED-LENGTH DATA ELEMENTS--GENERAL INFORMATION
fixed length control field 200325b ||||| |||| 00| 0 eng d
245 ## - TITLE STATEMENT
Title Business Survey 2003-05 Volume One:
Remainder of title Dar Es Salaam Report/
Statement of responsibility, etc. National Bureau of Statistics,
Medium English.
260 ## - PUBLICATION, DISTRIBUTION, ETC. (IMPRINT)
Place of publication, distribution, etc. Dae Es Salaam:
Name of publisher, distributor, etc. National Bureau of Statistics,
Date of publication, distribution, etc. 2006.
300 ## - PHYSICAL DESCRIPTION
Extent viii, 118p;
Other physical details ill;
Dimensions 30cm.-
650 ## - SUBJECT ADDED ENTRY--TOPICAL TERM
Source of heading or term BUSINESS SURVEY
942 ## - ADDED ENTRY ELEMENTS (KOHA)
Source of classification or shelving scheme Dewey Decimal Classification
Koha item type BOOKS

No items available.

IRDP © 2021 :: Managed by ICT Team